=LDR 00000nam 2200000 4500 =001 INLIS000000000033999 =005 20130612135924 =008 ***********************************ind** =035 ##$$0010-061300000033999 =041 ##$$a ind =082 ##$$a 641.3 =090 ##$$a 641.3, Faw s =100 ##$$a Fawwaz, Ummi =245 ##$$a Sayur kuah kaya rasaiman lezat, Ummi Fawwaz; Editor,Eti syahrianti =260 ##$$a 2009 $b Yogyakarta =300 ##$$a 68 hlm, Ilus, 26 cm =650 ##$$a Sayur =700 ##$$a Syahrianti, Eti =850 ##$$a NBPNMAT